Word Ladder: NFL Conferences Quiz Stats

Quiz Updated Dec 21, 2014

Also try: Word Ladder: NFL
Challenge
Share
Tweet
Embed
Score 0/9 Timer 01:30
3 Plays Today
Hint 3-Letter Word % Correct
Honey producing insectBEE
96.8%
To wagerBET
95.5%
A conference in the NFLAFC
84.8%
A conference in the NFLNFC
82.6%
Anything serving to catch or ensnareNET
81.6%
The collegiate conference in which Duke and Clemson competeACC
81.1%
A legal serve that is not touched by the receiverACE
80.2%
An alternative to the use of B.C.BCE
79.3%
A Japanese multinational corporation of information technologyNEC
69.1%

Today's Daily Dose

Word Ladder
Antonym Clues II

Quick Pick
Movies of 2014

On This Day
April 24th II

You're not logged in!

Compare scores with friends on all Sporcle quizzes.
Sign Up with Email
OR
Log In

You Might Also Like...

Show Comments

Extras

Top Quizzes Today


Score Distribution

Your Account Isn't Verified!

In order to create a playlist on Sporcle, you need to verify the email address you used during registration. Go to your Sporcle Settings to finish the process.

Report this User

Report this user for behavior that violates our Community Guidelines.

Details: